Misia Slovenskej republiky pri NATO

Bibliographic Details
Main Author: Paulech, Ján (Author)
Format: Article
Language:Slovak
PhysicalDescription:Fotogr.
ISSN:1335-0463
Subjects:

MARC

LEADER 00000nab a2200000 a 4500
001 vtls000754778
003 SK-MaSNL
005 20260304113616.0
008 250429c2001 xo 0 slo
015 |a SNBRB2001/04-12799 
035 |a CLN000106565 
035 |a urn:nbn:sk:snk-ab1ie4 
035 |a (urnnbn)urn:nbn:sk:snk:ar-0040ao 
035 |a (uuid)3881d8f1-5e88-49f4-9965-1481ed5dd5bf 
040 |a SNKBUCL  |b slo  |c SNKBUCL  |e AACR2 
041 0 |a slo 
044 |a xo  |c SK 
080 |a 327.51(100):355.45.02(437.6)  |2 1997 
080 |a 355.45.02(437.6)  |2 1997 
100 1 |a Paulech, Ján  |4 aut  |9 1116094 
245 1 0 |a Misia Slovenskej republiky pri NATO  |c Ján Paulech 
300 |b Fotogr. 
610 7 |a NATO  |x Slovensko  |2 snkbucl  |9 847069 
650 0 7 |a bezpečnostná politika  |z Slovensko  |2 snkbucl  |9 65100 
655 7 |a články z novín a časopisov  |2 snkbucl  |9 267496 
773 0 |t Armáda  |g Roč. 9, č. 2 (2001), s. 28-29  |x 1335-0463 
850 |a Slovenská národná knižnica 
852 |a Slovenská národná knižnica 
954 |a odborná, vedecká literatúra pôvodná (slovenská)  |2 lita 
958 |a article2022 
958 |a SK 
958 |a OND 
958 |a EUIPO 
992 |a RBX 
999 |c 2870113  |d 2872043